Quality progress

Salvato in:
Dettagli Bibliografici
Natura: Periodico
Lingua:inglese
Pubblicazione: Milwauke American Society for Quality Control
Tags: Aggiungi Tag
Nessun Tag, puoi essere il primo ad aggiungerne!!

MARC

LEADER 00000nas1a22000001 4500
001 s120262
005 20230329105307.1
041 0 |a eng 
044 |a US 
245 1 0 |a Quality progress 
264 1 |a Milwauke  |b American Society for Quality Control